[Event "Crawley e2e4 Gatwick op"]
[Site "Crawley"]
[Date "2016.02.20"]
[Round "2"]
[White "Asenov, Pavel"]
[Black "Arkell, Keith C"]
[Result "1/2-1/2"]
[WhiteElo "2138"]
[BlackElo "2457"]
[PlyCount "117"]
[EventDate "2016.02.19"]
[EventType "swiss"]
[EventRounds "5"]
[EventCountry "ENG"]
[SourceTitle "CBM 171 Extra"]
[Source "ChessBase"]
[SourceDate "2016.04.26"]
[SourceVersion "1"]
[SourceVersionDate "2016.04.26"]
[SourceQuality "1"]

1. d4 Nf6 2. c4 e6 3. Nc3 Bb4 4. Qc2 c5 5. dxc5 Na6 6. Nf3 Nxc5 7. Bd2 Bxc3 8. Bxc3 Nce4 9. Bxf6 Nxf6 10. g3 Qa5+ 11. Nd2 Rb8 12. Bg2 b6 13. 0-0 0-0 14. Rfd1 Bb7 15. Bxb7 Rxb7 16. Ne4 Nxe4 17. Qxe4 Rc7 18. Rd3 Qb4 19. b3 d5 20. Qe5 dxc4 21. Qxc7 cxd3 22. exd3 Qa3 23. Qc1 Qd6 24. Qc4 Rd8 25. Rc1 h5 26. h4 g6 27. Qc7 Qd7 28. Qxd7 Rxd7 29. Rc3 Kg7 30. Kf1 Kf6 31. Ke2 Kf5 32. Rc4 e5 33. Ke3 f6 34. Rc8 g5 35. hxg5 fxg5 36. Rh8 Kg6 37. Ke4 Rd4+ 38. Kxe5 Rxd3 39. Rg8+ Kh6 40. Rh8+ Kg6 41. Rg8+ Kh6 42. Rh8+ Kg7 43. Rxh5 Kg6 44. Rh8 Rf3 45. Rg8+ Kh5 46. Rg7 a5 47. Rh7+ Kg4 48. Rh2 b5 49. Kd4 a4 50. bxa4 bxa4 51. Kc4 a3 52. Kd4 Rf8 53. Ke3 Re8+ 54. Kd2 Kf3 55. Kc3 Rb8 56. Rh5 Rb5 57. Kc4 Rf5 58. Rh2 Rf8 59. Kb4 1/2-1/2

[Event "BCF-chT2a 1516 (4NCL)"]
[Site "England"]
[Date "2016.02.14"]
[Round "6.231"]
[White "Asenov, Pavel"]
[Black "Snuverink, Jochem"]
[Result "0-1"]
[WhiteElo "2237"]
[BlackElo "2403"]
[PlyCount "42"]
[EventDate "2015.11.14"]
[EventType "team-tourn"]
[EventRounds "7"]
[EventCountry "ENG"]
[SourceTitle "CBM 170 Extra"]
[Source "ChessBase"]
[SourceDate "2016.02.25"]
[SourceVersion "1"]
[SourceVersionDate "2016.02.25"]
[SourceQuality "1"]
[WhiteTeam "Brown Jack Witney"]
[BlackTeam "Kings Head"]
[WhiteTeamCountry "ENG"]
[BlackTeamCountry "ENG"]

1. d4 e6 2. c4 c5 3. d5 exd5 4. cxd5 d6 5. Nc3 g6 6. e4 Bg7 7. Nge2 Ne7 8. Ng3 a6 9. a4 0-0 10. Bd3 f5 11. exf5 Nxf5 12. Nge4 Nd7 13. 0-0 Ne5 14. Bb1 Nd4 15. h3 Nef3+ 16. gxf3 Nxf3+ 17. Kh1 Qh4 18. Ng5 Be5 19. Nce4 Bxh3 20. Nxf3 Rxf3 21. Ng5 Bg2+ 0-1

[Event "BCF-chT2a 1516 (4NCL)"]
[Site "England"]
[Date "2016.01.24"]
[Round "4.241"]
[White "Asenov, Pavel"]
[Black "Ross, Chris Neil"]
[Result "1-0"]
[WhiteElo "2237"]
[BlackElo "2206"]
[PlyCount "67"]
[EventDate "2015.11.14"]
[EventType "team-tourn"]
[EventRounds "7"]
[EventCountry "ENG"]
[SourceTitle "CBM 170 Extra"]
[Source "ChessBase"]
[SourceDate "2016.02.25"]
[SourceVersion "1"]
[SourceVersionDate "2016.02.25"]
[SourceQuality "1"]
[WhiteTeam "Brown Jack Witney"]
[BlackTeam "MK Phoenix"]
[WhiteTeamCountry "ENG"]
[BlackTeamCountry "ENG"]

1. d4 g6 2. c4 Bg7 3. e4 d6 4. Nc3 Nf6 5. f3 0-0 6. Be3 e5 7. Nge2 exd4 8. Nxd4 Nc6 9. Qd2 Nd7 10. 0-0-0 Nde5 11. Be2 Nxd4 12. Bxd4 Be6 13. f4 Nc6 14. Bxg7 Kxg7 15. h4 f5 16. h5 Qf6 17. hxg6 hxg6 18. g4 fxg4 19. f5 gxf5 20. exf5 Bxf5 21. Nd5 Qg6 22. Nf4 Qf7 23. Rh5 Ne5 24. Rg5+ Kh8 25. Rh1+ Bh7 26. Nd5 c6 27. Ne3 Rg8 28. Rgh5 Rg7 29. Nf5 Rag8 30. Qxd6 Nf3 31. Bxf3 Qxc4+ 32. Kb1 gxf3 33. Rxh7+ Rxh7 34. Qe5+ 1-0

[Event "London Classic op 7th"]
[Site "London"]
[Date "2015.12.10"]
[Round "8"]
[White "Asenov, Pavel"]
[Black "Rozycki, Bartlomiej"]
[Result "1-0"]
[WhiteElo "2098"]
[BlackElo "2231"]
[PlyCount "61"]
[EventDate "2015.12.04"]
[EventType "swiss"]
[EventRounds "9"]
[EventCountry "ENG"]
[SourceTitle "CBM 169 Extra"]
[Source "ChessBase"]
[SourceDate "2015.12.18"]
[SourceVersion "1"]
[SourceVersionDate "2015.12.18"]
[SourceQuality "1"]

1. d4 Nf6 2. c4 e6 3. Nc3 Bb4 4. Qc2 0-0 5. a3 Bxc3+ 6. Qxc3 d6 7. Bg5 Nbd7 8. Nf3 b6 9. e3 Bb7 10. Be2 Rc8 11. Qc2 c5 12. dxc5 Bxf3 13. Bxf3 Rxc5 14. Bf4 Qc7 15. b3 e5 16. Bg3 b5 17. 0-0 bxc4 18. b4 Rb5 19. e4 a5 20. Qc3 Rc8 21. Rfd1 axb4 22. axb4 Qb6 23. Rab1 Nb8 24. Bh4 Na6 25. Bxf6 gxf6 26. Bg4 Rc7 27. Ra1 Rxb4 28. Rxa6 Qb7 29. Raxd6 Rb3 30. Qc1 Kg7 31. Rxf6 1-0